Black Ops 3 Weapons - Statistics

General Stats
  • This quiz has been taken 3 times
  • The average score is 49 of 91
Answer Stats
Picture Answer % Correct
1911
100%
AK-74u
100%
Argus
100%
Bootlegger
100%
BRM
100%
Dingo
100%
Drakon
100%
FFAR
100%
Galil
100%
Gorgon
100%
Haymaker 12
100%
ICR-1
100%
KN-44
100%
Kuda
100%
L4 Siege
100%
L-CAR 9
100%
Locus
100%
M14
100%
M16
100%
M8A7
100%
Man-O-War
100%
MR6
100%
Olympia
100%
Pharo
100%
Ray Gun
100%
RK5
100%
RPK
100%
Sheiva
100%
Thundergun
100%
Vesper
100%
VMP
100%
Weevil
100%
48 Dredge
67%
Bloodhound
67%
HVK-30
67%
NX ShadowClaw
67%
Path of Sorrows
67%
Peacekeeper MK2
67%
PPSh-41
67%
Ray Gun Mark 2
67%
Razorback
67%
Rift E9
67%
Sten
67%
SVG-100
67%
XM-53
67%
205 Brecci
33%
Ace of Spades
33%
Apothicon Servant
33%
Ballistic Knife
33%
Banshii
33%
Brass Knuckles
33%
Bushwhacker
33%
Butterfly Knife
33%
Carver
33%
Combat Knife
33%
D13 Sector
33%
HG 40
33%
KRM-262
33%
L3FT-E
33%
M1927
33%
Marshal 16
33%
Mauser C96
33%
MVP
33%
MX Garand
33%
Nunchucks
33%
Slash n' Burn
33%
Wrench
33%
Wunderwaffe DG-2
33%
XMC
33%
XR-2
33%
BlackCell
0%
Buzz Cut
0%
DBSR-50
0%
DIY 11 Renovator
0%
Dragoon
0%
Enforcer
0%
Fury's Song
0%
HLX 4
0%
Iron Jim
0%
KVK 9mm
0%
LV8 Basilisk
0%
Malice
0%
MAX-GL
0%
Nightbreaker
0%
P-06
0%
Prizefighters
0%
R70 Ajax
0%
Raven's Eye
0%
RSA Interdiction
0%
Skull Cracker
0%
XPR-50
0%
No matching quizzes found
Score Distribution
Percent of People with Each Score
Percentile by Number Answered
Your Score History
You have not taken this quiz